Three centuries of American prints from the National Gallery of Art

Bibliographic Details
Other Authors: Brodie, Judith (Author of introduction, etc.)
Format: Book
Language:English
PhysicalDescription:xi, 347 s. ilustr. 30 cm
Published: Washington New York London National Gallery of Art Thames & Hudson 2016
ISBN:9780500239520
Edition:1st publ.
Subjects:

MARC

LEADER 00000nam a2200000 a 4500
001 vtls011717767
003 SK-MaSNL
005 20260301044604.0
008 200507s2016 xxua f c 001 0deng
015 |a SNBZSA2017 
020 |a 9780500239520  |q (viazané) 
035 |a urn:nbn:sk:snk-am00e0lc 
035 |a urn:nbn:sk:snk-am3iang 
035 |a 9C9BCE14-15D3-40A7-A0DE-8BDFAC356B7D 
040 |a SNK  |b slo  |c SNK  |e AACR2 
041 0 |a eng 
043 |a n-us-wa 
044 |a xxu  |c US  |a xxk  |c GB 
072 7 |a 76  |x Grafické umenie. Grafika  |2 konspekt 
080 |a 72/76(73)  |2 2011 
080 |a 72/76:069.5  |2 2011 
080 |a (739.7)  |2 2011 
245 0 0 |a Three centuries of American prints from the National Gallery of Art  |c Judith Brodie ... [et al.] 
250 |a 1st publ. 
260 |a Washington  |b National Gallery of Art  |a New York  |a London  |b Thames & Hudson  |c 2016 
300 |a xi, 347 s.  |b ilustr.  |c 30 cm 
500 |a Dielo obsahuje krátke biogr. údaje o umelcoch, slovník, zoznam ilustrácií a zoznam prác použitých pri výstave 
504 |a Bibliografia: s. 337-342 ; index ; slovníček 
610 2 7 |a National Gallery of Art (Washington, D.C.)  |2 SNK  |9 86011 
648 7 |a 1710-2010  |2 SNKPH  |9 351270 
648 7 |a 18.-21. stor.  |2 SNKPH  |9 315395 
648 7 |a 18th-21st century  |2 SNKPHeng  |9 351271 
650 0 7 |a americké výtvarné umenie  |2 SNKPH  |9 86015 
650 0 7 |a American art  |2 SNKPHeng  |9 329900 
650 0 7 |a umelecké zbierky  |2 SNKPH  |9 2982 
650 0 7 |a Art collections  |2 SNKPHeng  |9 303322 
651 7 |a Washington (D.C.)  |2 SNKPH  |9 56312 
651 7 |a Washington (D.C.)  |2 SNKPHeng  |9 56312 
655 7 |a katalógy výstav  |2 SNKPH  |9 70445 
655 7 |a Exhibition catalogs  |2 SNKPHneg  |9 266232 
700 1 |a Brodie, Judith  |4 aui  |9 351272 
919 |a 978-0-500-23952-0 
958 |a TL 
958 |a ZS 
958 |a NB 
958 |a BX 
958 |a US 
999 |c 596333  |d 598263 
952 |a SNK  |b SNK  |y PREZ  |7 0  |p 17A1304112  |o snkSB 92122  |i snk2017/24375  |8 4  |g 55.23  |0 0  |1 0  |4 0  |d 2017-10-27  |f 1  |l 0  |r 2025-05-13 00:00:00  |w 2026-02-23